| 000 | 00783nam a22002175i 4500 | ||
|---|---|---|---|
| 001 | 170343 | ||
| 003 | ES-MaACL | ||
| 005 | 20230906214349.0 | ||
| 008 | 090225s1924 fr |||| | fre d | ||
| 080 | _a782.6 | ||
| 100 | 0 |
_aClairville. _9138014 |
|
| 245 | 1 | 3 |
_aLa fille de madame Angot _b: opéra-comique en trois actes / _cparoles de Clairville, Siraudin et Koning ; musique de Ch. Lecocq. |
| 250 | _aNouvelle édition. | ||
| 260 |
_aParis : _bDelamain, Boutellau et Cie., _c1924. |
||
| 300 |
_a103 p. ; _c19 cm. |
||
| 650 | 1 | 4 |
_aÓperas- _vLibretos. _9137584 |
| 700 | 1 |
_aSiraudin, Paul. _9138012 |
|
| 700 | 1 |
_aKoning, Víctor. _9138013 |
|
| 700 | 1 |
_aLecocq, Charles ( _d1832-1918) _9146777 |
|
| 852 |
_aES-MaACL _j2249-F-25 _9R.140871 _z.- Biblioteca Jacinto Martínez Lacalle |
||
| 999 |
_c170343 _d170343 |
||